000 01005nam a2200241 i 4500
001 25995
003 ES-MaACL
005 20230906153352.0
007 t|
008 030107s1962 sp afo |||| | spa d
080 _a7.033.4:061.431(467.11 B.+461.11 Sant.)
245 0 3 _aEl arte románico
_b: exposición organizada por el Gobierno español bajo los auspicios del Consejo de Europa, Barcelona y Santiago de Compostela, 1961 : catálogo.
246 3 3 _aExposición Europea de Arte Románico (1961. Barcelona-Santiago de Compostela)
260 _aBarcelona :
_bConservatorio de las Artes del Libro,
_c1962 (
_fGráf. Bachs)
300 _aLXXV, 650 p., XCVI p. de lám. fot. ;
_c22 cm.
650 4 _aArte románico-
_vExposiciones.
_9148517
655 7 _2tgfbne
_9193628
_aCatálogos de exposiciones
710 2 _aConsejo de Europa.
_93186
710 2 _aConservatorio de las Artes del Libro de Barcelona.
_9148543
852 _aES-MaACL
_jC-22858
942 _2udc
999 _c25995
_d25995